| 000 | nam a22 a 4500 | ||
|---|---|---|---|
| 999 |
_c1078 _d1078 |
||
| 003 | AKMAL | ||
| 005 | 20170508122227.0 | ||
| 008 | 170508s1998 my 00 may d | ||
| 020 |
_a9676108804 (kkt.): _cRM 12.00 |
||
| 040 |
_aAKMAL _cAKMAL |
||
| 082 | 0 | 4 | _a297.27 KAM |
| 090 | 0 | 0 |
_a297.27 _bKAM |
| 100 | 0 |
_aKamal Abd. Manaf _91919 |
|
| 245 | 1 | 0 |
_aMasalah dan penyelesaian dalam kaunseling Islam 2 / _cKamal Abd. Manaf |
| 260 |
_aKuala Lumpur : _bUtusan Publications & Distributors, _c1998 |
||
| 300 | 0 | 0 |
_ax, 144ms. ; _c21cm |
| 440 | 0 |
_aSiri pengajian dan pendidikan Utusan _9549 |
|
| 650 | 0 |
_aIslam and social problems _91992 |
|
| 650 | 0 |
_aCounseling _xReligious aspects _xIslam _91920 |
|
| 942 |
_2ddc _cBOOK |
||